|
|
|
|
| LEADER |
01182cam a2200277 a 4500 |
| 001 |
00015441 |
| 003 |
GR-PaULI |
| 008 |
991122s1991 gr 000 0 gre|c |
| 040 |
|
|
|a GrPaTEI
|b gre
|c GR-PaULI
|
| 082 |
0 |
4 |
|a 332.6
|
| 082 |
0 |
4 |
|a 332.642
|
| 100 |
1 |
|
|a Χολέβας, Ιωάννης Κ.
|
| 245 |
1 |
0 |
|a Τι πρέπει να γνωρίζουμε για το χρηματιστήριο :
|b οδηγός του επενδυτή /
|c Ιωάννης Κ. Χολέβας.
|
| 260 |
|
|
|a Αθήνα :
|b Interbooks,
|c 1991.
|
| 300 |
|
|
|a 210 σ. ;
|c 23 εκ.
|
| 500 |
|
|
|a Βασική νομοθεσία : Ν.1806/1988 και Ν.1892/1990 (Αναπτυξιακός)
|
| 650 |
|
0 |
|a Economics
|
| 650 |
|
0 |
|a Monetary policy
|
| 650 |
|
0 |
|a Stock exchanges
|
| 650 |
|
7 |
|a Νομισματική πολιτική
|2 nlgaf
|
| 650 |
|
7 |
|a Οικονομική
|2 nlgaf
|
| 650 |
|
7 |
|a Χρηματιστήριο
|2 nlgaf
|
| 942 |
|
|
|2 ddc
|
| 952 |
|
|
|0 0
|1 0
|2 ddc
|4 0
|6 332_642000000000000_ΧΟΛ
|7 0
|9 251119
|a LISK
|b LISK
|c ALF
|d 2021-01-17
|e 24
|f 0
|g 0.00
|l 0
|o 332.642 ΧΟΛ
|p 9241005978
|r 2021-01-17 00:00:00
|t 1
|w 2021-01-17
|y BK15
|x 19991024 0 1
|x GrPaTEI
|
| 971 |
|
|
|a .b19203196
|b 14-04-20
|c 04-09-15
|
| 999 |
|
|
|c 148999
|d 148999
|